80386-80286 programación en lenguaje ensamblador

Salvato in:
Dettagli Bibliografici
Autore principale: Murray, William H. (autor)
Altri autori: Pappas, Chris H. (autor)
Natura: Libro
Lingua:spagnolo
Pubblicazione: Madrid Osborne-McGraw-Hill 1987
Soggetti:
Tags: Aggiungi Tag
Nessun Tag, puoi essere il primo ad aggiungerne!!

MARC

LEADER 00000nam a2200000 a 4500
001 UCV6219
003 CL-VaPUC
008 900516e19870000SP |||||||||||||||||spa|d
082 0 4 |a 005.133  |b MUR  |2 21 
100 |a Murray, William H.  |e autor  |9 461681 
700 |a Pappas, Chris H.  |e autor  |9 461680 
245 1 0 |a 80386-80286 programación en lenguaje ensamblador 
300 |a 546 p 
942 |c BK 
945 |d 19900516 00:00:00 
260 |a Madrid  |b Osborne-McGraw-Hill  |c 1987 
650 7 |a MICROPROCESADORES  |2 CL-VaPUC  |9 259881 
650 7 |a INTEL 80386  |2 CL-VaPUC  |9 263250 
650 0 |a Microcomputadores  |9 263190 
650 0 |a Lenguajes de programación   |9 259458 
583 |a last modification  |c 19900516 00:00:00  |k Rodrigo Vera 
999 |c 212409  |d 212407